000 00865nam a2200193Ia 4500
003 IN-BaIIA
008 211028s9999 xx 000 0 eng d
040 _cIIA Library
080 _a539.1(082.1)
_bTHE
111 _aInternational conference on photonic, electronic and atomic collisions
_n5th
_cRussia
_d1967 July 17-23 
_95576
245 4 _aThe physics of electronic and atomic collisions
_bfifth International conference on photonic, electronic and atomic collisions, Leningrad, Russia, July 17-23, 1967
_cedited by Lewis M. Branscomb
260 _aLeningrad
_bV. I. C. P. E. A. C
_c1967
300 _axvi, 200p.
650 _aAstronomy and astrophysics thesaurus
650 _aAtomic collisions
_91546
700 _aBranscomb, Lewis M., ed.
_95577
710 _aJoint Institute for Laboratory Astrophysics
_95578
942 _cBK
999 _c3143
_d3143